000 00831cam a2200253 i 4500
001 18635025
005 20240614054141.0
008 150528s2015 cauab b 001 0 eng
020 _a9789351502678
040 _aDLC
_beng
_cDLC
_erda
_dDLC
082 0 0 _a305.5/1220954
_223
_bCAS
100 1 _aBorooah, Vani Kant
245 1 0 _aCaste, discrimination, and exclusion in modern India /
_cVani Kant Borooah, Nidhi Sadana Sabharwal, Dilip G. Diwakar, Vinod Kumar Mishra, Ajaya Kumar Naik.
260 _aNew Delhi
_bSAGE Publications India Pvt Ltd
_c2015
300 _axl, 337 pages :
650 0 _aCaste
650 0 _aSocial stratification
650 0 _aEquality
650 0 _aPolitical planning
650 0 _aReverse discrimination
700 1 _aSabharwal, Nidhi Sadana.
_eedt
700 1 _aDiwakar, Dilip G.
_eedt
942 _cL
999 _c5905
_d5905